00789nmm a22003017a 450000500170000000800410001704100080005808200100006610000360007610000220011210000340013410000300016810000280019810000400022624500390026626000090030530000180031450200080033265000220034065000150036265000130037765000260039065000190041665000160043565000160045165000100046765000100047720170209100758.0150727b xxu||||| |||| 00| 0 spa d aspa aGT 13 aArce Salazar, María Fernanda  aArce Mena, Silvia aCalderón Godínez, Isabel  aDelgado Araya, Francisco  aOrozco Alvarado, Diego  aSánchez Campos, María Graciela  aMacrosistema del cantón de Barva c2008 a174 páginas a  aCANTÓN DE BARVA aCOSTA RICA aHISTORIA aATRACTIVOS TURISTICOS aSISTEMA SOCIAL aPOBLACIÓN aGEOGRAFÍA aFLORA aFAUNA